[Event "GER-ch U18 Girls"]
[Site "Willingen"]
[Date "2021.08.26"]
[Round "5"]
[White "Zell, Hannah"]
[Black "Falke, Ornella"]
[Result "0-1"]
[WhiteElo "1614"]
[BlackElo "1674"]
[PlyCount "105"]
[EventDate "2021.08.22"]
[EventType "swiss"]
[EventRounds "9"]
[EventCountry "GER"]
[SourceTitle "EXT 2022"]
[Source "ChessBase"]
[SourceDate "2021.10.06"]
[SourceVersion "1"]
[SourceVersionDate "2021.10.06"]
[SourceQuality "1"]

1. e4 e5 2. Nf3 Nc6 3. Bb5 a6 4. Ba4 Nf6 5. 0-0 Be7 6. Re1 b5 7. Bb3 0-0 8. c3 d5 9. d3 Bg4 10. h3 Bh5 11. Nbd2 dxe4 12. dxe4 Na5 13. Bc2 Nd7 14. Nf1 Rc8 15. Ne3 Nb7 16. a4 Bc5 17. Nf5 Re8 18. Ng3 Bg6 19. Nh2 Nd6 20. Qe2 Bb6 21. Be3 Bxe3 22. Qxe3 Nc4 23. Qc1 Qf6 24. axb5 axb5 25. b3 Ncb6 26. Bd3 Nc5 27. Qc2 Nxd3 28. Qxd3 c6 29. Qe3 Nd7 30. Ra7 Nf8 31. Nf3 Qd8 32. Rea1 f6 33. Nd2 Ne6 34. Ne2 c5 35. Nc1 Re7 36. Rxe7 Qxe7 37. Kf1 Rd8 38. Ra2 Qd6 39. Ne2 Ng5 40. f3 Bf7 41. Nc1 Ne6 42. g3 h5 43. h4 Qd7 44. f4 exf4 45. gxf4 Qd6 46. Ne2 Nf8 47. Qg3 Bxb3 48. Nxb3 Qd1+ 49. Kf2 Qxb3 50. Ra7 Nd7 51. Qd3 Qe6 52. Qxb5 Qg4 53. Rxd7 0-1

[Event "GER-chT Federal Cup (Women)"]
[Site "Braunfels"]
[Date "2019.06.21"]
[Round "2.47"]
[White "Luecke, Kristina"]
[Black "Zell, Hannah"]
[Result "1/2-1/2"]
[WhiteElo "1513"]
[BlackElo "1473"]
[PlyCount "60"]
[EventDate "2019.06.20"]
[EventType "team-swiss"]
[EventRounds "5"]
[EventCountry "GER"]
[SourceTitle "CBM 191 Extra"]
[Source "ChessBase"]
[SourceDate "2019.09.30"]
[SourceVersion "1"]
[SourceVersionDate "2019.09.30"]
[SourceQuality "1"]

1. e4 e5 2. Nf3 Nc6 3. Bb5 a6 4. Ba4 Bc5 5. 0-0 b5 6. Bb3 d6 7. h3 Nf6 8. Re1 0-0 9. c3 h6 10. d4 Bb6 11. Bc2 Bb7 12. Be3 Ba7 13. Nbd2 Re8 14. Qe2 exd4 15. Nxd4 Nxd4 16. Bxd4 c5 17. Be3 Nxe4 18. Bxh6 Nf6 19. Be3 c4 20. Nf1 Qd7 21. Qd1 Qc6 22. f3 Bxe3+ 23. Nxe3 Qc5 24. Qd2 Nd5 25. Kf2 Nxe3 26. Rxe3 Rxe3 27. Qxe3 Qxe3+ 28. Kxe3 Re8+ 29. Kf2 Kf8 30. Rd1 Ke7 1/2-1/2

[Event "GER-ch U16 Girls"]
[Site "Willingen"]
[Date "2019.06.15"]
[Round "9"]
[White "Rudolph, Eva"]
[Black "Zell, Hannah"]
[Result "0-1"]
[WhiteElo "1789"]
[BlackElo "1494"]
[PlyCount "110"]
[EventDate "2019.06.08"]
[EventType "swiss"]
[EventRounds "9"]
[EventCountry "GER"]
[SourceTitle "CBM 191 Extra"]
[Source "ChessBase"]
[SourceDate "2019.09.30"]
[SourceVersion "1"]
[SourceVersionDate "2019.09.30"]
[SourceQuality "1"]

1. e4 e5 2. Nf3 Nc6 3. Bc4 Bc5 4. 0-0 d6 5. c3 Bg4 6. d4 exd4 7. Bxf7+ Kxf7 8. Ng5+ Qxg5 9. Qb3+ Be6 10. Qxb7 Qd8 11. Qxc6 Ne7 12. Qa4 dxc3 13. Nxc3 Rf8 14. Bg5 Qe8 15. Qc2 Kg8 16. Rac1 Bc4 17. Ne2 Bxe2 18. Qxe2 Ng6 19. Kh1 Nf4 20. Qf3 Ne6 21. Qb3 Rb8 22. Qc4 Rb4 23. Qd5 c6 24. Qd2 Rd4 25. Qe3 Nxg5 26. Qxg5 Rxe4 27. f3 Re2 28. Rb1 a5 29. Qg3 Qe5 30. Qh4 Rb8 31. Rfe1 Rbxb2 32. Qd8+ Kf7 33. Qd7+ Kf6 34. Qd8+ Kg6 35. Qxa5 Bf2 36. Qxe5 dxe5 37. Red1 Rxb1 38. Rxb1 Re1+ 39. Rxe1 Bxe1 40. Kg1 c5 41. Kf1 Ba5 42. Ke2 c4 43. Ke3 c3 44. Kd3 Kf6 45. Kc2 g5 46. Kd3 h5 47. h3 h4 48. Kc2 Kf5 49. Kd3 Kf4 50. Kc2 Ke3 51. a3 e4 52. fxe4 Kxe4 53. a4 Kd4 54. Kc1 Kd3 55. Kd1 Bb6 0-1

[Event "Youth District Germany"]
[Site "Wuerzburg"]
[Date "2018.10.05"]
[Round "4.6"]
[White "Genova, Magdalina"]
[Black "Zell, Hannah"]
[Result "1/2-1/2"]
[WhiteElo "1425"]
[BlackElo "1469"]
[PlyCount "66"]
[EventDate "2018.10.02"]
[EventType "team-swiss"]
[EventRounds "7"]
[EventCountry "GER"]
[SourceTitle "CBM 186 Extra"]
[Source "ChessBase"]
[SourceDate "2018.08.24"]
[SourceVersion "1"]
[SourceVersionDate "2018.08.24"]
[SourceQuality "1"]
[WhiteTeam "Hamburg U20"]
[BlackTeam "Wuerttemberg U20 II"]
[WhiteTeamCountry "GER"]
[BlackTeamCountry "GER"]

1. c4 e6 2. Nc3 d5 3. cxd5 exd5 4. d4 Nf6 5. Bg5 c6 6. Nf3 Be7 7. e3 Nbd7 8. Bd3 Ne4 9. Bxe7 Qxe7 10. Qc2 f5 11. 0-0 0-0 12. Rae1 Nd6 13. Na4 g6 14. Nc5 Nf7 15. Rc1 Nxc5 16. Qxc5 Qxc5 17. Rxc5 Re8 18. b4 Bd7 19. a4 Rac8 20. Rfc1 a6 21. b5 axb5 22. axb5 Ra8 23. h3 Ra3 24. Bf1 Kg7 25. bxc6 bxc6 26. Rb1 Ra7 27. Rc3 Kf6 28. Rcb3 Rc8 29. Rb7 Rc7 30. Rxa7 Rxa7 31. g3 Rc7 32. Rc1 Ke6 33. Nd2 Kd6 1/2-1/2

[Event "Youth District Germany"]
[Site "Wuerzburg"]
[Date "2018.10.03"]
[Round "1.6"]
[White "Zell, Hannah"]
[Black "Deuer, Marius"]
[Result "0-1"]
[WhiteElo "1469"]
[BlackElo "1711"]
[PlyCount "64"]
[EventDate "2018.10.02"]
[EventType "team-swiss"]
[EventRounds "7"]
[EventCountry "GER"]
[SourceTitle "CBM 186 Extra"]
[Source "ChessBase"]
[SourceDate "2018.08.24"]
[SourceVersion "1"]
[SourceVersionDate "2018.08.24"]
[SourceQuality "1"]
[WhiteTeam "Wuerttemberg U20 II"]
[BlackTeam "Wuerttemberg U20"]
[WhiteTeamCountry "GER"]
[BlackTeamCountry "GER"]

1. e4 c5 2. c4 Nc6 3. Nc3 g6 4. d3 Bg7 5. g3 d6 6. Bg2 e6 7. Nge2 Nge7 8. 0-0 0-0 9. Rb1 f5 10. f4 Bd4+ 11. Kh1 fxe4 12. dxe4 e5 13. a3 Be6 14. b3 a6 15. Nd5 b5 16. f5 gxf5 17. Nxe7+ Nxe7 18. Nxd4 cxd4 19. Bg5 Ra7 20. exf5 Bxf5 21. Bd5+ Kh8 22. Qf3 Qe8 23. g4 Nxd5 24. gxf5 Nf6 25. Bxf6+ Rxf6 26. Rbe1 Qa8 27. Rc1 Qxf3+ 28. Rxf3 Raf7 29. cxb5 axb5 30. Rc6 e4 31. Rf4 d5 32. Rc5 Rxf5 0-1

[Event "GER-chT Federal Cup (Women)"]
[Site "Braunfels"]
[Date "2018.06.01"]
[Round "3.8"]
[White "Braun, Kristin"]
[Black "Zell, Hannah"]
[Result "1/2-1/2"]
[WhiteElo "1844"]
[BlackElo "1532"]
[PlyCount "45"]
[EventDate "2018.05.31"]
[EventType "team-swiss"]
[EventRounds "5"]
[EventCountry "GER"]
[SourceTitle "EXT 2020"]
[Source "ChessBase"]
[SourceDate "2019.10.17"]
[SourceVersion "1"]
[SourceVersionDate "2019.10.17"]
[SourceQuality "1"]
[WhiteTeam "Bayern (W)"]
[BlackTeam "Wuerttemberg (W) II"]
[WhiteTeamCountry "GER"]
[BlackTeamCountry "GER"]

1. e4 e5 2. Nf3 Nc6 3. Bc4 Bc5 4. d3 d6 5. c3 Nf6 6. Bb3 h6 7. h3 Bd7 8. Nbd2 0-0 9. Nf1 Ne7 10. g4 Ng6 11. Ng3 Be6 12. Bc2 Re8 13. Nf5 d5 14. Bd2 c6 15. Qc1 Bxf5 16. gxf5 dxe4 17. dxe4 Nf4 18. Bxf4 exf4 19. e5 Bd6 20. Qxf4 Bxe5 21. Nxe5 Qd6 22. 0-0 Qxe5 23. Qxe5 1/2-1/2

[Event "GER-ch U25-B"]
[Site "Willingen"]
[Date "2018.05.20"]
[Round "1"]
[White "Zell, Hannah"]
[Black "Pauls, Fynn"]
[Result "0-1"]
[WhiteElo "1603"]
[BlackElo "1813"]
[PlyCount "88"]
[EventDate "2018.05.19"]
[EventType "swiss"]
[EventRounds "9"]
[EventCountry "GER"]
[SourceTitle "CBM 184 Extra"]
[Source "ChessBase"]
[SourceDate "2018.06.28"]
[SourceVersion "1"]
[SourceVersionDate "2018.06.28"]
[SourceQuality "1"]

1. e4 d6 2. d4 Nf6 3. Nc3 g6 4. Nf3 Bg7 5. Be2 0-0 6. 0-0 c6 7. a4 Qc7 8. h3 e5 9. Be3 Nbd7 10. Qc1 exd4 11. Bxd4 Re8 12. Bd3 Nc5 13. Re1 Bd7 14. e5 Nxd3 15. cxd3 dxe5 16. Bxe5 Qa5 17. d4 Be6 18. Qc2 Bf5 19. Qd1 Rad8 20. g4 Be6 21. Qc2 Bd5 22. Nxd5 Qxd5 23. Nd2 Nd7 24. Bxg7 Kxg7 25. Nb3 Nf6 26. Rad1 Ne4 27. Nc5 Ng5 28. Rxe8 Rxe8 29. Qd3 Nf3+ 30. Kf1 b6 31. Nb3 Nd2+ 32. Kg1 Nxb3 33. f3 Rd8 34. Qc3 Nxd4 35. Kf2 c5 36. Qe3 Qe6 37. Qxe6 Nxe6 38. Rxd8 Nxd8 39. Ke3 Kf6 40. f4 Ke6 41. Kd3 Kd5 42. b3 f5 43. g5 Ne6 44. Ke3 Nd4 0-1

[Event "GER-ch U14 Girls"]
[Site "Willingen"]
[Date "2017.06.09"]
[Round "8"]
[White "Wagner, Victoria"]
[Black "Zell, Hannah"]
[Result "0-1"]
[WhiteElo "1512"]
[BlackElo "1475"]
[PlyCount "78"]
[EventDate "2017.06.04"]
[EventType "swiss"]
[EventRounds "9"]
[EventCountry "GER"]
[SourceTitle "CBM 178 Extra"]
[Source "ChessBase"]
[SourceDate "2017.06.22"]
[SourceVersion "1"]
[SourceVersionDate "2017.06.22"]
[SourceQuality "1"]

1. e4 Nc6 2. Nf3 d5 3. e5 Bf5 4. d4 e6 5. Be3 f6 6. a3 fxe5 7. Nxe5 Nxe5 8. dxe5 Ne7 9. c4 Nc6 10. cxd5 Nxe5 11. Qa4+ c6 12. dxc6 Nxc6 13. Bb5 Qc7 14. Bxa7 Kf7 15. Bxc6 bxc6 16. Qb3 Rxa7 17. Qf3 Qe5+ 18. Qe3 Qxe3+ 19. fxe3 Bb4+ 20. Nc3 Bxc3+ 21. bxc3 Rha8 22. 0-0 Ke7 23. Rae1 Rxa3 24. e4 Bg6 25. Rd1 Rxc3 26. Rb1 Ra7 27. Rfe1 Rc4 28. Rb6 Bxe4 29. Rd1 Bd5 30. Rdb1 Rc2 31. g3 Rg2+ 32. Kf1 Rxh2 33. Rb7+ Rxb7 34. Rxb7+ Kf6 35. g4 Rg2 36. Rb4 c5 37. Rf4+ Ke5 38. Ra4 c4 39. Ra5 Rxg4 0-1

[Event "GER-ch U12 Girls"]
[Site "Willingen"]
[Date "2016.05.20"]
[Round "10"]
[White "Bohrer, Katharina"]
[Black "Zell, Hannah"]
[Result "0-1"]
[WhiteElo "1406"]
[BlackElo "1396"]
[PlyCount "80"]
[EventDate "2016.05.15"]
[EventType "swiss"]
[EventRounds "11"]
[EventCountry "GER"]
[SourceTitle "CBM 172 Extra"]
[Source "ChessBase"]
[SourceDate "2016.06.21"]
[SourceVersion "1"]
[SourceVersionDate "2016.06.21"]
[SourceQuality "1"]

1. e4 e5 2. Nf3 Nc6 3. d4 exd4 4. Bc4 Nf6 5. c3 Nxe4 6. Qb3 Nd6 7. Na3 Na5 8. Qa4 Naxc4 9. Nxc4 dxc3 10. 0-0 Nxc4 11. Qxc4 d5 12. Qxc3 Be6 13. Bf4 c6 14. Rfe1 Qf6 15. Qxf6 gxf6 16. Nd4 Kd7 17. Nxe6 fxe6 18. Re2 e5 19. Bg3 Bg7 20. Rae1 Ke6 21. f4 e4 22. Rf1 f5 23. h3 Bf6 24. Bf2 Be7 25. Bd4 Rhg8 26. Kh2 Bf6 27. Bxf6 Kxf6 28. Rg1 h5 29. h4 d4 30. g3 d3 31. Rd2 Rad8 32. Rgd1 Rge8 33. Rg2 e3 34. Kh3 e2 35. Rh1 e1Q 36. Rxe1 Rxe1 37. Rh2 d2 38. b4 d1Q 39. a3 Rh1 40. Rxh1 Qxh1# 0-1

[Event "GER-ch U12 Girls"]
[Site "Willingen"]
[Date "2016.05.17"]
[Round "5"]
[White "Kiesel, Lara"]
[Black "Zell, Hannah"]
[Result "1-0"]
[WhiteElo "1318"]
[BlackElo "1396"]
[PlyCount "93"]
[EventDate "2016.05.15"]
[EventType "swiss"]
[EventRounds "11"]
[EventCountry "GER"]
[SourceTitle "CBM 172 Extra"]
[Source "ChessBase"]
[SourceDate "2016.06.21"]
[SourceVersion "1"]
[SourceVersionDate "2016.06.21"]
[SourceQuality "1"]

1. e4 e5 2. Nf3 Nc6 3. Bb5 a6 4. Bxc6 dxc6 5. 0-0 f6 6. d4 exd4 7. Nxd4 c5 8. Nf3 Qxd1 9. Rxd1 Be6 10. Bf4 Rd8 11. Nc3 Bd6 12. Bxd6 Rxd6 13. Na4 Rxd1+ 14. Rxd1 b6 15. Nc3 Ne7 16. Nd5 Bxd5 17. exd5 0-0 18. h3 Rd8 19. c4 b5 20. b3 b4 21. Re1 Kf7 22. Ra1 Rd6 23. a3 bxa3 24. Rxa3 Rb6 25. Nd2 Nf5 26. Ra5 Nd4 27. Rxc5 Nxb3 28. Rxc7+ Kg6 29. Nxb3 Rxb3 30. c5 Rd3 31. d6 Rd5 32. d7 a5 33. c6 a4 34. Rc8 a3 35. d8Q a2 36. Qe8+ Kh6 37. Qe1 Re5 38. Qxe5 fxe5 39. Ra8 Kg6 40. Rxa2 Kf6 41. c7 g5 42. c8Q e4 43. Qc5 Kg6 44. g4 h5 45. Ra6+ Kf7 46. Qc7+ Kf8 47. Ra8# 1-0

[Event "GER-ch U12 Girls"]
[Site "Willingen"]
[Date "2016.05.16"]
[Round "3"]
[White "Zell, Hannah"]
[Black "Schmidt, Pauline"]
[Result "1-0"]
[WhiteElo "1396"]
[BlackElo "1186"]
[PlyCount "101"]
[EventDate "2016.05.15"]
[EventType "swiss"]
[EventRounds "11"]
[EventCountry "GER"]
[SourceTitle "CBM 172 Extra"]
[Source "ChessBase"]
[SourceDate "2016.06.21"]
[SourceVersion "1"]
[SourceVersionDate "2016.06.21"]
[SourceQuality "1"]

1. e4 e5 2. Nf3 Nc6 3. Bb5 Bc5 4. c3 d6 5. h3 a6 6. Ba4 b5 7. Bc2 Bb7 8. 0-0 Nf6 9. Re1 0-0 10. d4 Bb6 11. b3 h6 12. Bb2 Nh5 13. dxe5 dxe5 14. Qxd8 Raxd8 15. Nbd2 Nf4 16. c4 Rfe8 17. Rad1 Nd4 18. Nxd4 Bxd4 19. Bxd4 exd4 20. f3 d3 21. Bb1 bxc4 22. Nxc4 Ne2+ 23. Kf2 Nc3 24. Rxd3 Rxd3 25. Bxd3 Nxa2 26. Be2 Nb4 27. Rd1 Nc6 28. Rd7 Re7 29. Rxe7 Nxe7 30. Ne5 f6 31. Bc4+ Kh7 32. Nd7 Ng6 33. Nc5 Ne5 34. Nxb7 Nxc4 35. bxc4 Kg6 36. Ke3 Kg5 37. g3 g6 38. f4+ Kh5 39. g4+ Kh4 40. f5 g5 41. e5 fxe5 42. f6 Kxh3 43. f7 Kxg4 44. f8Q h5 45. Qf3+ Kh4 46. Qe4+ Kh3 47. Qxe5 h4 48. Qxc7 Kg2 49. Qg7 h3 50. Qxg5+ Kf1 51. Qg3 1-0

[Event "GER-ch U12 Girls"]
[Site "Willingen"]
[Date "2016.05.15"]
[Round "2"]
[White "Orlova, Alicia"]
[Black "Zell, Hannah"]
[Result "1-0"]
[WhiteElo "1285"]
[BlackElo "1396"]
[PlyCount "123"]
[EventDate "2016.05.15"]
[EventType "swiss"]
[EventRounds "11"]
[EventCountry "GER"]
[SourceTitle "CBM 172 Extra"]
[Source "ChessBase"]
[SourceDate "2016.06.21"]
[SourceVersion "1"]
[SourceVersionDate "2016.06.21"]
[SourceQuality "1"]

1. e4 e5 2. Nf3 Nc6 3. Bc4 Bc5 4. 0-0 Nf6 5. d3 h6 6. Be3 Bxe3 7. fxe3 d6 8. Nc3 0-0 9. Nd5 Nxd5 10. Bxd5 Be6 11. Bb3 Bxb3 12. axb3 a6 13. Qe1 Ne7 14. Nh4 Ng6 15. Nxg6 fxg6 16. Qg3 Rxf1+ 17. Rxf1 Qe8 18. Qg4 Rd8 19. Rf3 Rd7 20. Rg3 g5 21. Qe2 Rf7 22. Rf3 Rxf3 23. Qxf3 Qf7 24. Qxf7+ Kxf7 25. Kf2 Kf6 26. d4 h5 27. h3 c5 28. c3 b5 29. g4 hxg4 30. hxg4 Ke6 31. Ke2 cxd4 32. exd4 a5 33. Kd3 d5 34. c4 bxc4+ 35. bxc4 dxe4+ 36. Kxe4 exd4 37. Kxd4 Kd6 38. c5+ Kc6 39. Kc4 g6 40. b3 Kd7 41. Kd5 Kc7 42. c6 Kc8 43. Kc5 Kc7 44. Kb5 Kc8 45. Kxa5 Kc7 46. b4 Kxc6 47. Ka6 Kd5 48. b5 Ke4 49. b6 Kf4 50. b7 Kxg4 51. b8Q Kf3 52. Qf8+ Ke4 53. Qf6 g4 54. Qxg6+ Kf4 55. Qf6+ Kg3 56. Kb5 Kg2 57. Kc4 g3 58. Kd3 Kh1 59. Ke2 g2 60. Qh4+ Kg1 61. Kf3 Kf1 62. Qf2# 1-0

[Event "GER-chT Lands U20"]
[Site "Hannover"]
[Date "2015.10.04"]
[Round "3.8"]
[White "Basovskiy, Jana"]
[Black "Zell, Hannah"]
[Result "1-0"]
[WhiteElo "1285"]
[BlackElo "1281"]
[PlyCount "65"]
[EventDate "2015.10.03"]
[EventType "team-swiss"]
[EventRounds "7"]
[EventCountry "GER"]
[SourceTitle "CBM 168 Extra"]
[Source "ChessBase"]
[SourceDate "2015.10.29"]
[SourceVersion "1"]
[SourceVersionDate "2015.10.29"]
[SourceQuality "1"]
[WhiteTeam "Baden (U20)"]
[BlackTeam "Wuerttemberg (U20)"]
[WhiteTeamCountry "GER"]
[BlackTeamCountry "GER"]

1. e4 e5 2. Nf3 Nc6 3. Bc4 Bc5 4. c3 Nf6 5. d3 d6 6. Nbd2 a6 7. Bb3 Ba7 8. 0-0 Ne7 9. Re1 Ng6 10. d4 0-0 11. h3 c6 12. Nf1 Nh5 13. dxe5 dxe5 14. Nxe5 Nxe5 15. Qxh5 Ng6 16. Bg5 Qc7 17. Rad1 Be6 18. Bxe6 fxe6 19. Be3 Bxe3 20. Nxe3 b5 21. Qg4 Qf7 22. Qg3 e5 23. Nf5 Rad8 24. b3 Kh8 25. Kf1 Nf4 26. Qg5 Rxd1 27. Rxd1 Ne6 28. Qg3 Nf4 29. Rd6 Rc8 30. Rd1 a5 31. Qf3 Rf8 32. Rd6 Rc8 33. Qg4 1-0

[Event "GER-ch U12"]
[Site "Willingen"]
[Date "2015.05.29"]
[Round "10"]
[White "Zell, Hannah"]
[Black "Peters, Malte"]
[Result "1-0"]
[WhiteElo "1224"]
[BlackElo "1007"]
[PlyCount "69"]
[EventDate "2015.05.24"]
[EventType "swiss"]
[EventRounds "11"]
[EventCountry "GER"]
[SourceTitle "CBM 166 Extra"]
[Source "ChessBase"]
[SourceDate "2015.06.18"]
[SourceVersion "1"]
[SourceVersionDate "2015.06.18"]
[SourceQuality "1"]

1. e4 c5 2. c4 Nc6 3. g3 g6 4. Bg2 Bg7 5. Ne2 d6 6. Nbc3 Bg4 7. d3 e5 8. 0-0 Nf6 9. a3 0-0 10. Rb1 Qd7 11. b4 Bh3 12. f4 Bxg2 13. Kxg2 Rfd8 14. f5 Ne7 15. Bg5 Kh8 16. fxg6 Qe6 17. gxh7 b6 18. Ng1 Rf8 19. Qf3 Nd7 20. Bxe7 Qxe7 21. Nd5 Qg5 22. Nh3 Qh6 23. Qf5 Rad8 24. Ng5 Rde8 25. Nxf7+ Rxf7 26. Qxf7 Rd8 27. Qe7 Rf8 28. Rxf8+ Nxf8 29. Rf1 Qd2+ 30. Kg1 Qh6 31. Qxa7 cxb4 32. axb4 Ne6 33. Qxb6 Nd4 34. Qd8+ Kxh7 35. b5 1-0

[Event "GER-ch U12"]
[Site "Willingen"]
[Date "2015.05.26"]
[Round "5"]
[White "Zell, Hannah"]
[Black "Brunner, Sophia"]
[Result "0-1"]
[WhiteElo "1224"]
[BlackElo "1559"]
[PlyCount "60"]
[EventDate "2015.05.24"]
[EventType "swiss"]
[EventRounds "11"]
[EventCountry "GER"]
[SourceTitle "CBM 166 Extra"]
[Source "ChessBase"]
[SourceDate "2015.06.18"]
[SourceVersion "1"]
[SourceVersionDate "2015.06.18"]
[SourceQuality "1"]

1. e4 d5 2. exd5 Qxd5 3. d4 Nc6 4. c3 Nf6 5. Nf3 Bg4 6. Be2 e5 7. c4 Qe4 8. Nc3 Qf5 9. Nh4 Bxe2 10. Qxe2 Qg4 11. dxe5 Qxe2+ 12. Nxe2 Nxe5 13. b3 Bb4+ 14. Kf1 0-0-0 15. Bg5 Ned7 16. g3 h6 17. Bxf6 Nxf6 18. Kg2 Rhe8 19. Ng1 Rd2 20. Ngf3 Rc2 21. Nd4 Rb2 22. Rhb1 Bc3 23. Ndf5 Rc2 24. Rc1 Ree2 25. Rxc2 Rxc2 26. Rd1 b6 27. Rd3 Ne4 28. Kf3 Ng5+ 29. Ke3 Be1 30. f4 Bf2# 0-1

[Event "GER-ch U10"]
[Site "Oberhof"]
[Date "2013.05.22"]
[Round "6"]
[White "Rizo Wellmann, Darja"]
[Black "Zell, Hannah"]
[Result "1-0"]
[WhiteElo "956"]
[BlackElo "723"]
[PlyCount "83"]
[EventDate "2013.05.19"]
[EventType "swiss"]
[EventRounds "11"]
[EventCountry "GER"]
[SourceTitle "CBM 154 Extra"]
[Source "ChessBase"]
[SourceDate "2013.06.25"]
[SourceVersion "2"]
[SourceVersionDate "2013.06.25"]
[SourceQuality "1"]

1. e4 e5 2. Nf3 Nc6 3. Bc4 Bc5 4. c3 Nf6 5. d4 Bd6 6. 0-0 0-0 7. Bg5 h6 8. Bh4 Qe7 9. Nbd2 a6 10. Nb3 b5 11. Bd3 Qe6 12. d5 Qg4 13. dxc6 dxc6 14. Bxf6 Qg6 15. Bxe5 Bh3 16. Nh4 Qg5 17. Re1 Qxh4 18. Bxd6 cxd6 19. Qf3 Bg4 20. Qg3 Qg5 21. h3 h5 22. hxg4 hxg4 23. e5 Rad8 24. e6 fxe6 25. Rxe6 Rfe8 26. Rg6 Qh5 27. Rxg4 Re7 28. Rh4 Qd5 29. Bh7+ Kf8 30. Bg6 Qg8 31. Qf3+ Rf7 32. Bxf7 Qxf7 33. Rf4 Rd7 34. Rxf7+ Rxf7 35. Qh5 g6 36. Qh8+ Ke7 37. Re1+ Kd7 38. Qe8+ Kc7 39. Qxf7+ Kb6 40. Re7 a5 41. Ra7 c5 42. Qb7# 1-0

[Event "GER-ch U10"]
[Site "Oberhof"]
[Date "2013.05.22"]
[Round "7"]
[White "Sinnhoefer, Lilian"]
[Black "Zell, Hannah"]
[Result "1-0"]
[WhiteElo "875"]
[BlackElo "723"]
[PlyCount "93"]
[EventDate "2013.05.19"]
[EventType "swiss"]
[EventRounds "11"]
[EventCountry "GER"]
[SourceTitle "CBM 154 Extra"]
[Source "ChessBase"]
[SourceDate "2013.06.25"]
[SourceVersion "2"]
[SourceVersionDate "2013.06.25"]
[SourceQuality "1"]

1. e4 e5 2. Nf3 Nc6 3. Nc3 Bc5 4. Bb5 Nf6 5. d3 d6 6. Bg5 h6 7. Bxf6 Qxf6 8. 0-0 0-0 9. Bxc6 bxc6 10. Rc1 Qg6 11. Nh4 Qg5 12. Nf3 Qf6 13. g3 Bh3 14. Re1 Qg6 15. Nh4 Qg5 16. Nf3 Qf6 17. Na4 Bb4 18. c3 Ba5 19. b4 Bb6 20. Nxb6 cxb6 21. d4 Rae8 22. c4 c5 23. bxc5 bxc5 24. dxe5 dxe5 25. Qd5 Rc8 26. Nxe5 Qg5 27. Nc6 Qg4 28. e5 a6 29. Ne7+ Kh8 30. Nxc8 Qxc8 31. Qd6 Rd8 32. Qe7 Kg8 33. Rcd1 Re8 34. Qd6 Rd8 35. Qxd8+ Qxd8 36. Rxd8+ Kh7 37. Rd6 Kg8 38. Rxa6 g5 39. a4 Bc8 40. Ra8 Kg7 41. Rxc8 h5 42. Rxc5 Kg6 43. a5 Kf5 44. a6 Kg4 45. a7 Kh3 46. a8Q g4 47. Qg2# 1-0

[Event "GER-ch U10"]
[Site "Oberhof"]
[Date "2013.05.21"]
[Round "5"]
[White "Zell, Hannah"]
[Black "Jaenecke, Maike"]
[Result "0-1"]
[WhiteElo "723"]
[BlackElo "968"]
[PlyCount "51"]
[EventDate "2013.05.19"]
[EventType "swiss"]
[EventRounds "11"]
[EventCountry "GER"]
[SourceTitle "CBM 154 Extra"]
[Source "ChessBase"]
[SourceDate "2013.06.25"]
[SourceVersion "2"]
[SourceVersionDate "2013.06.25"]
[SourceQuality "1"]

1. e4 e5 2. Nf3 Nc6 3. Bb5 Nf6 4. d3 a6 5. Ba4 h6 6. 0-0 Bd6 7. c3 0-0 8. Nbd2 Be7 9. Re1 d6 10. h3 Be6 11. Nf1 Qd7 12. Ng3 d5 13. Rf1 Qd6 14. Bd2 dxe4 15. dxe4 Qd7 16. Nh4 Nxe4 17. Nxe4 Bxh4 18. Qh5 Qe7 19. Bc2 Rfd8 20. g3 Bf6 21. Bxh6 Kf8 22. Rad1 Rxd1 23. Rxd1 Rd8 24. Rf1 Ke8 25. Ng5 Bxg5 26. Bxg5 0-1